| 000 | 00390nam a22001457a 4500 | ||
|---|---|---|---|
| 020 | _a978408855652 | ||
| 040 | _cNUST | ||
| 082 | _a823.914 | ||
| 100 |
_aRowling, J.K. _911309 |
||
| 245 |
_aHarry Potter: _band the philosopher's stone/ _cJ.k. Rowling |
||
| 260 |
_aUK _bBloomsbury Children's Books _c2014 |
||
| 300 | _a331p.; | ||
| 650 |
_aNoval _9107828 |
||
| 942 |
_2ddc _cFIC _k823.914,ROW |
||
| 999 |
_c617389 _d617389 |
||